000
00286nam a2200109Ia 4500
008
190906s9999||||xx |||||||||||||| ||und||
100
_a
A.S.Ramasastri
245
0
_a
Quantitative Methods for Banking and Finance
260
_a
New Delhi
_b
Mac Meillan
_c
2008
300
_a
125
942
_c
BK
999
_c
6129
_d
6129